000 00898nam a2200265Ia 4500
003 GCL
008 140319s9999 xx 000 0 ara d
040 _aGCL /
_cGCL
082 0 4 _a330.09611
_bم ت
100 1 _aمحمد الصالح مزالى
245 1 0 _aتطور تونس الاقتصادرى 1920-1881 /
_cمحمد الصالح مزالى
700 1 _aالوادى التييمومى
260 _a[S.N] :
_bالمؤسسة الوطنية للترجمة والتحقيق ،
_c1990
300 _a202 ص
490 _aالترجمة - تاريخ
_v0
650 0 4 _aتاريخ
650 0 4 _aالاقتصاد
650 0 4 _aتونس
650 0 4 _aالعمل والعمال
650 0 4 _aالتسويق
650 0 4 _aالاحوال الاقتصادية
650 0 4 _aالصناعة
650 0 4 _aالتسوية السلمية للمنازعات الدولية
942 _2ddc
_cBK
999 _c35983
_d35983